| 000 | 00000nam##2200000za#4500 |
| 001 | 9.579551 |
| 003 | CaOODSP |
| 005 | 20220623125950 |
| 007 | cr ||||||||||| |
| 008 | 150406|2009||||xxc|||||o f|0| 0 eng|d |
| 040 | |aCaOODSP|beng |
| 043 | |an-cn--- |
| 086 | 1 |aH117-5/31-2009E-PDF |
| 110 | 1 |aCanada. |bCanadian Institute for Health Information. |
| 245 | 10|aAntipsychotic use in seniors : |h[electronic resource]|ban analysis focusing on drug claims, 2001 to 2007 |
| 260 | |aOttawa - Ontario : |bCanadian Institute for Health Information |cJuly 2009. |
| 300 | |a23p.|bgraphs, references, tables |
| 490 | 1 |aAnalysis in brief |
| 590 | |a14-09-Supp|b2014-04-23 |
| 775 | 08|tUtilisation d'antipsychotiques par les personnes âgées : |w(CaOODSP)9.606940 |
| 830 | #0|aAnalysis in brief (Statistics Canada)|w(CaOODSP)9.506985 |
| 856 | 40|ahttp://publications.gc.ca|qPDF|s622 KB|uhttps://publications.gc.ca/collections/collection_2014/icis-cihi/H117-5-31-2009-eng.pdf |